01145cam a2200265 a 450000100100000000500170001000800410002704000300006808200190009810000330011724500580015026000730020830000270028149000320030850501890034065000300052965000330055965000280059271000360062083000400065691000340069604900090073095201230073999900170086200001815120200929165357.0790615s1976 ve s001 1 spa d aDO-SdBNPbspacDLCdBNPHU aV863.44bB198e1 aBalza, José.d1939-92335110aEjercicios narrativos :bselección /cJosé Balza. a[Caracas, Venezuela] :bGobernación del Distrito Federal,c[1976]. a[49] p. ;c15 x 16 cm.1 aCuadernos de difusiónv100 aChicle de menta -- Un libro de Rodolfo Iliackwood - Líneas -- Relación de caja - Rembrandt -- Bella a las once - Prescindiendo - Fedra - Enlace -- Canto del tartamudo -- La sangre. 4aCuentos venezolanos93815 4aLiteratura venezolano939329 4aMujeresxCuentos9214812 aCentro Simón Bolívar939330 0aCuadernos de difusión ;v1096694 aCatalogación por copia / LC aBNGR 001054708MOaGRbGRcCTd2010-04-16iLF1l0oV863.44 B198ep18151-10r2020-06-25w2020-06-25y4ZPréstamo en sala c17672d17672